| 000 | 00500nam a2200157 4500 | ||
|---|---|---|---|
| 001 | 122805 | ||
| 003 | ES-MaACL | ||
| 007 | t| | ||
| 008 | 070214m19221923sp r ||||1| spa d | ||
| 100 | 1 |
_aPujiula, Jaime. _994329 |
|
| 245 | 1 | 0 |
_aEmbriología del hombre y demás vertebrados / _cpor Jaime Pujiula ; prólogo de Pedro Nubiola. |
| 260 |
_aBarcelona : _b[s.n.], _c1922-23 ( _fSobrinos de López Roberts) |
||
| 300 |
_a2 v. ; _c25 cm. |
||
| 700 | 1 |
_aNubiola, Pedro. _986115 |
|
| 852 |
_aES-MaACL _jE-772-3 |
||
| 999 |
_c122805 _d122805 |
||